Statistics for Thomas the Tank Engine Quiz

Click here to take the quiz!

General Stats

  • This quiz has been taken 997 times
  • The average score is 10 of 15

Answer Stats

HintAnswer% Correct
The splendid red engineJames
98%
Island on which Thomas' the Tank is setSodor
95%
Grumpy dockyard craneCranky
77%
Great Western engine named for its waddleDuck
75%
Name of Toby's passenger coachHenrietta
70%
Sheds where the North Western Railway trains liveTidmouth sheds
69%
The 'good' diesel who works at Ffarquhar QuarryMavis
68%
Whose name isSir Topham Hatt
67%
Largest station on the islandKnapford Station
66%
Original narrator of 'Thomas & Friends' seriesRingo Starr
66%
Manager of the railwaysThe Fat Controller
66%
Double-decker bus that gets stuck under a bridgeBulgy
60%
Diesel 10's hydraulic clawPinchy
58%
Creator of Thomas the TankWilbert Awdry
48%
To run properly, Henry needs special...Welsh Coal
38%

Score Distribution

Percentile by Number Answered

Percent of People with Each Score

Your Score History

You have not taken this quiz